<?xml version="1.0" encoding="UTF-8"?>
<record
    xmlns:xsi="http://www.w3.org/2001/XMLSchema-instance"
    xsi:schemaLocation="http://www.loc.gov/MARC21/slim http://www.loc.gov/standards/marcxml/schema/MARC21slim.xsd"
    xmlns="http://www.loc.gov/MARC21/slim">

  <leader>03833nam a22002897a 4500</leader>
  <controlfield tag="003">DO-SdBNP</controlfield>
  <controlfield tag="005">20240524205016.0</controlfield>
  <controlfield tag="007">ta</controlfield>
  <controlfield tag="008">210625b        dr ||||| |||| 10| 0 spa d</controlfield>
  <datafield tag="020" ind1=" " ind2=" ">
    <subfield code="a">ISBN: ???</subfield>
  </datafield>
  <datafield tag="040" ind1=" " ind2=" ">
    <subfield code="a">DO-SdBNP</subfield>
    <subfield code="b">spa</subfield>
    <subfield code="c">BNPHU</subfield>
  </datafield>
  <datafield tag="082" ind1=" " ind2="4">
    <subfield code="2">22</subfield>
    <subfield code="a">780.98</subfield>
    <subfield code="b">C749a</subfield>
  </datafield>
  <datafield tag="111" ind1="2" ind2=" ">
    <subfield code="a">Congreso de la Rama Latinoamericana de la Asociaci&#xF3;n Internacional para el Estudio de la M&#xFA;sica Popular</subfield>
    <subfield code="n">(13. : </subfield>
    <subfield code="d">2018 : </subfield>
    <subfield code="c">San Juan, Puerto Rico)</subfield>
    <subfield code="9">79002</subfield>
  </datafield>
  <datafield tag="245" ind1=" " ind2=" ">
    <subfield code="a">Del archivo a la playlist  :  historias, nostalgias, tecnolog&#xED;as , actas  =  </subfield>
    <subfield code="b">Do arquivo &#xE0; playlist : hist&#xF3;rias, nostalgias, tecnolog&#xED;as ; anais /</subfield>
    <subfield code="c">editor, Dar&#xED;o Tejeda.</subfield>
  </datafield>
  <datafield tag="246" ind1=" " ind2=" ">
    <subfield code="a">Do arquivo &#xE0; playlist : historias, nostalgias, tecnolog&#xED;as; anais</subfield>
  </datafield>
  <datafield tag="260" ind1=" " ind2=" ">
    <subfield code="a">San Juan, Puerto Rico:</subfield>
    <subfield code="b">IASPM-AL</subfield>
    <subfield code="c">2021</subfield>
  </datafield>
  <datafield tag="300" ind1=" " ind2=" ">
    <subfield code="a">754p. :</subfield>
    <subfield code="b">il.</subfield>
    <subfield code="c">28 cm.</subfield>
  </datafield>
  <datafield tag="500" ind1=" " ind2=" ">
    <subfield code="a">Incluye referencias bibliogr&#xE1;ficas y notas al pie de las p&#xE1;ginas</subfield>
  </datafield>
  <datafield tag="500" ind1=" " ind2=" ">
    <subfield code="a">Texto en espa&#xF1;ol e portugu&#xE9;s </subfield>
  </datafield>
  <datafield tag="505" ind1=" " ind2=" ">
    <subfield code="t">Simposio : &#xA8;M&#xFA;sica popular&#xA8; en Am&#xE9;rica Latina de los 1800 : archivos, historias, tecnolog&#xED;as --</subfield>
    <subfield code="t">Simposio : &#xA8;M&#xFA;sica popular&#xA8; na Am&#xE9;rica Latina dos anos 1800 : aquivos, historias, tecnolog&#xED;as   </subfield>
    <subfield code="t">Simposio : De los cilindros de cera a los discos de vinilo: usos de as tecnolog&#xED;as de grabaci&#xF3;n anal&#xF3;gica en Am&#xE9;rica Latina  --</subfield>
    <subfield code="t">Simposio : De cilindros de cera a discos de vinil : usos de tecnolog&#xED;as de grava&#xE7;&#xE3;o anal&#xF3;gicas na Am&#xE9;rica Latina </subfield>
    <subfield code="t">Simposio : M&#xFA;sica,  mediatizaciones y memoria de pr&#xE1;cticas de colecci&#xF3;n y colecciones  de sonido y plataformas digitales --</subfield>
    <subfield code="t">Simposio : M&#xFA;sica, m&#xED;dia e mem&#xF3;ria nas pr&#xE1;ticas de cole&#xE7;&#xE3;o e cole&#xE7;&#xF5;es de som e plataformas digitais </subfield>
    <subfield code="t">Simposio : Archivos materiales y archivos imaginarios en Am&#xE9;rica Latina --</subfield>
    <subfield code="t">Simposio: Arquivos materiais  e arquivos imaginarios na Am&#xE9;rica Latina -- </subfield>
    <subfield code="t">Simposio : Archivo, escucha, an&#xE1;lisis musical y pol&#xED;ticas de la vida y de la muerte </subfield>
    <subfield code="t">Simposio : Arquivo, escuta, an&#xE1;lise musical e pol&#xED;tica de vida e morte -- </subfield>
    <subfield code="t">Simposio : La producci&#xF3;n musical en Latinoam&#xE9;rica y Espa&#xF1;a : entre la creaci&#xF3;n musical  y la industria discogr&#xE1;fica </subfield>
    <subfield code="t">Simposio : A produ&#xE7;&#xE3;o musical na Am&#xE9;rica Latina e na Espanha : entre a cria&#xE7;&#xE3;o musical e a industria discogr&#xE1;fica </subfield>
    <subfield code="t">Simposio: M&#xFA;sica y pol&#xED;tica --</subfield>
    <subfield code="t">Simposio: M&#xFA;sica  e pol&#xED;tica --</subfield>
    <subfield code="t">Simposio: Que vivan los estudiantes! Las playlists  de las rebeliones estudiantiles latinoamericanas </subfield>
    <subfield code="t">Simposio : Que vivam os estudantes! As playlists das rebeli&#xF5;es estudantis latino-americanas </subfield>
    <subfield code="t">Simposio : M&#xFA;sica e identidades regionales : transformaciones, contraposiciones y desaf&#xED;os a las identidades  nacionales latinoamericanas -- </subfield>
    <subfield code="t">Simposio : M&#xFA;sica e identidades regionais : transformac&#xF5;es, contraposic&#xF5;es e desafios &#xE0;s identidades nacionais latino-americanas</subfield>
    <subfield code="t">Simposio : Jazz en Am&#xE9;rica Latina : m&#xFA;sica y poder -- </subfield>
    <subfield code="t">Simposio : Jazz em Am&#xE9;rica Latina : m&#xFA;sica e poder -- </subfield>
    <subfield code="t">Simposio : Reggaeton, cumbia, funk ... Las &#xA8;incomodidades&#xA8; de las m&#xFA;sicas masivas  desde la perspectiva de g&#xE9;nero --</subfield>
    <subfield code="t">Simposio : Reggaeton, cumbia, funk ... Os inc&#xF4;modos das m&#xFA;sicas massivas a partir da  perspectiva de g&#xEA;nero </subfield>
    <subfield code="t">Simposio : Cultura popular y m&#xFA;sica en Am&#xE9;rica Latina -- </subfield>
    <subfield code="t">Simposio : Cultura popular e m&#xFA;sica em Am&#xE9;rica Latina -- </subfield>
    <subfield code="t">Simposio : Guitarra. presencia y diversidad en las m&#xFA;sicas populares de Am&#xE9;rica Latina -- </subfield>
    <subfield code="t">Simposio: Viol&#xE3;o : presen&#xE7;a e diversidade na m&#xFA;sica popular de Am&#xE9;rica Latina </subfield>
  </datafield>
  <datafield tag="650" ind1=" " ind2="4">
    <subfield code="a">M&#xFA;sica latinoamericana </subfield>
    <subfield code="x">Historia</subfield>
    <subfield code="9">79003</subfield>
    <subfield code="v">Congresos, conferencias, etc.</subfield>
  </datafield>
  <datafield tag="650" ind1=" " ind2="0">
    <subfield code="a">Arte y tecnolog&#xED;a </subfield>
    <subfield code="v">Congresos, conferencias, etc.</subfield>
    <subfield code="9">79004</subfield>
  </datafield>
  <datafield tag="650" ind1=" " ind2="4">
    <subfield code="a">M&#xFA;sica </subfield>
    <subfield code="z">Am&#xE9;rica Latina</subfield>
    <subfield code="x">Aspectos tecnol&#xF3;gicos </subfield>
    <subfield code="9">79005</subfield>
    <subfield code="v">Congresos, conferencias, etc.</subfield>
  </datafield>
  <datafield tag="700" ind1="1" ind2=" ">
    <subfield code="a">Tejeda, Dar&#xED;o</subfield>
    <subfield code="e">editor</subfield>
    <subfield code="9">2540</subfield>
  </datafield>
  <datafield tag="710" ind1="2" ind2=" ">
    <subfield code="a"> International Association for the Study of Popular Music</subfield>
    <subfield code="9">79007</subfield>
  </datafield>
  <datafield tag="942" ind1=" " ind2=" ">
    <subfield code="2">ddc</subfield>
    <subfield code="c">LBS1</subfield>
  </datafield>
  <datafield tag="999" ind1=" " ind2=" ">
    <subfield code="c">50002</subfield>
    <subfield code="d">50002</subfield>
  </datafield>
</record>
